00449 2200181 4500001002100000005001500021008004100036020002200077035001900099041000700118082001000125090001600135100001800151245001000169260003700179300002400216650002700240INLIS00000000002280620241224131349241224||||||||| | ||| |||| || |  a978-602-8277-65-5 0010-1224022806 aid0 a808.3 a808.3 YUD r0 aSinta Yudisia00aRinai aSurakartabAfra Publishingc2012 a20x14 cm, 400 hlm.; 0aNovel -- Kesusasteraan